| 000 | 01412nam a22002775i 4500 | ||
|---|---|---|---|
| 001 | 10733 | ||
| 003 | ES-MaACL | ||
| 005 | 20250909230633.0 | ||
| 008 | 940308s1993 sp ||||0| spa | ||
| 020 | _a84-7658-414-8 | ||
| 080 | _a860 Jardiel Poncela, Enrique 1.06(063) | ||
| 111 | 2 |
_aCongreso de Literatura Española Contemporánea ( _n6º. _d1992. _cMálaga) _9328 |
|
| 245 | 1 | 0 |
_aJardiel Poncela _b: teatro, vanguardia y humor : actas del VI Congreso de Literatura Española Contemporánea : Universidad de Málaga, 10, 11, 12 y 13 de noviembre de 1992 / _cedición dirigida por Cristóbal Cuevas García y coordinada por Enrique Baena : organización del congreso, Antonio Garrido ... [et al.]. |
| 250 | _a1ª ed. | ||
| 260 |
_aBarcelona : _bAnthropos ; _aMálaga : _bServicio de Publicaciones e Intercambio Científico de la Universidad, _c1993. |
||
| 300 |
_a302 p ; _c20 cm. |
||
| 490 | 1 |
_aAutores, textos y temas. Literatura y teoría literaria ; _v19 |
|
| 600 | 1 | 4 |
_aJardiel Poncela, Enrique, _d1901-1952- _vCongresos y asambleas _9172405 |
| 700 | 0 |
_aCuevas García, Cristóbal, _d1933-2013 _942107 |
|
| 700 | 1 |
_aBaena, Enrique. _924583 |
|
| 700 | 1 |
_aGarrido Domínguez, Antonio. _955696 |
|
| 710 | 2 |
_aUniversidad de Málaga. _97219 |
|
| 830 | 1 |
_aAutores, textos y temas. Literatura y teoría literaria ; _v19 _9228135 |
|
| 852 |
_aES-MaACL _jL-18086 |
||
| 999 |
_c10733 _d10733 |
||